|
|
|
|
| LEADER |
02128nam a2200541 a 4500 |
| 001 |
nkc20081830997 |
| 003 |
CZ PrNK |
| 005 |
20100607090947.0 |
| 007 |
ta |
| 008 |
081126s2008 xr e p 000 0 cze |
| 015 |
|
|
|a cnb001830997
|
| 020 |
|
|
|a 978-80-7409-018-9
|q (brož.)
|
| 035 |
|
|
|a (OCoLC)298780356
|
| 040 |
|
|
|a ABA001
|b cze
|
| 072 |
|
7 |
|a 364-1/-7
|x Druhy sociální pomoci a služeb
|2 Konspekt
|9 18
|
| 072 |
|
7 |
|a 37.016
|x Učební osnovy. Vyučovací předměty. Učebnice
|2 Konspekt
|9 22
|
| 080 |
|
|
|a 364-78
|2 MRF
|
| 080 |
|
|
|a 364-7
|2 MRF
|
| 080 |
|
|
|a 303.094.5
|2 MRF
|
| 080 |
|
|
|a 364-781.9
|2 MRF
|
| 080 |
|
|
|a (07)
|2 MRF
|
| 245 |
0 |
0 |
|a Způsoby evaluace v sociální práci /
|c Jana Vašťatková a Pavla Vyhnálková (ed.) ; [autorský kolektiv Ivana Bazínková ... et al.]
|
| 250 |
|
|
|a 1. vyd.
|
| 260 |
|
|
|a Olomouc :
|b Hanex,
|c 2008
|
| 300 |
|
|
|a 60 s. ;
|c 30 cm
|
| 500 |
|
|
|a 100 výt.
|
| 500 |
|
|
|a Pub. vznikla v rámci projektu Akční pole sociální práce - východisko i cíl studia oboru (CZ.04.1.03/3.2.15.2/0265)
|
| 504 |
|
|
|a Obsahuje bibliografie
|
| 650 |
0 |
7 |
|a sociální práce
|7 ph125805
|2 czenas
|
| 650 |
0 |
7 |
|a sociální služby
|7 ph125812
|2 czenas
|
| 650 |
0 |
7 |
|a evaluace
|7 ph205091
|2 czenas
|
| 650 |
0 |
7 |
|a supervize
|7 ph166251
|2 czenas
|
| 650 |
0 |
9 |
|a social work
|2 eczenas
|
| 650 |
0 |
9 |
|a social service
|2 eczenas
|
| 650 |
0 |
9 |
|a evaluation
|2 eczenas
|
| 650 |
0 |
9 |
|a supervision (helping professions)
|2 eczenas
|
| 655 |
|
7 |
|a učební texty
|7 fd133599
|2 czenas
|
| 655 |
|
9 |
|a educational texts
|2 eczenas
|
| 700 |
1 |
|
|a Poláchová Vašťatková, Jana,
|d 1978-
|7 xx0037677
|4 edt
|
| 700 |
1 |
|
|a Vyhnálková, Pavla,
|d 1979-
|7 mzk2008486303
|4 edt
|
| 700 |
1 |
|
|a Bazínková, Ivana
|7 jx20081201012
|4 aut
|
| 710 |
2 |
|
|a Akční pole sociální práce (projekt)
|7 kn20081201025
|
| 856 |
4 |
1 |
|u http://www.digitalniknihovna.cz/mzk/uuid/uuid:df436030-82ce-11ea-bc65-005056827e52
|y Digitalizovaný dokument
|x NDK
|
| 910 |
2 |
|
|a BOA001
|b 4-1215.251
|
| 990 |
|
|
|a BK
|
| 995 |
|
|
|a 01
|
| 991 |
|
|
|b 200812
|c NOV
|
| 996 |
6 |
|
|b 2610361181
|c 4-1215.251
|l MZK
|r Sklad / do 1 hodiny
|n 25
|p p.v.
|w 000922673
|u 000010
|a 1
|e BOA001
|j MZK50
|s P
|